00677nam a2200169 a 4500003000200000005001700002008004100019050002800060100003100088245014600119260009000265300003100355504004100386650002900427650002800456650002300484020250520072945.0030519s19uu xx 00 eng d aPHS TD 794.5b.S25 2003 aSalunga, Raynald Joseph P. aThe Evaluation of corn (Zea mays L.) husks and recyclable pad paper as raw materials for commercial grade paper /cRaynald Joseph P. Salunga. aLas Piñas City, Philippines :bSouthville International School and Colleges,c2003. aunnumbered pages ;c28 cm. aIncludes bibliographical references. aCorn husksxUtilization. aWaste paperxRecycling. aRecycled products.